000 00593nam a2200181Ia 4500
003 IN-BaIIA
008 211028s9999 xx 000 0 eng d
040 _cIIA Library
080 _a524.7
_bCON
100 _aContopoulos, G.
_99668
245 0 _aStructure and dynamics of the galactic system report
_cG. Contopoulos
260 _aThessaloniki
_bUniversity of Thessaloniki 
_c1970
300 _a117p.
500 _aDonated by Mrs. Bappu
650 _aAstronomy and Astrophysics Thesaurus
650 _aExtragalactic System
_95594
942 _cBK
999 _c7465
_d7465